Top 20 NFL quarterbacks of all-time - Statistics

General Stats
  • This quiz has been taken 253 times
  • The average score is 17 of 20
Answer Stats
Rank Team Player % Correct
1 Patriots Tom Brady
100%
3 Colts Peyton Manning
99%
2 49ers Joe Montana
98%
12 Packers Aaron Rodgers
97%
8 Saints Drew Brees
96%
5 Packers Brett Favre
95%
4 Dolphins Dan Marino
95%
7 Broncos John Elway
90%
9 49ers Steve Young
89%
10 Steelers Terry Bradshaw
87%
14 Cowboys Troy Aikman
84%
13 Packers Bart Starr
79%
17 Bills Jim Kelly
79%
19 Jets Joe Namath
79%
18 Oilers Warren Moon
79%
6 Colts Johnny Unitas
78%
16 Rams Kurt Warner
78%
11 Cowboys Roger Staubach
73%
15 Browns Otto Graham
56%
20 Chargers Dan Fouts
49%
No matching quizzes found
Score Distribution
Percent of People with Each Score
Percentile by Number Answered
Your Score History
You have not taken this quiz